000
00200 a2200085 4500
020
_a
978-0750658966
100
_a
Tony Hunt
245
_a
Tony Hunt's Second Sketchbook
260
_b
Architectural Press
_c
2003
999
_c
11260
_d
11260